Normal view
MARC view
- Indians of North America
Entry Topical Term
001 - CONTROL NUMBER
- control field: 87102
003 - CONTROL NUMBER IDENTIFIER
- control field: OSt
005 - DATE AND TIME OF LATEST TRANSACTION
- control field: 20260115161456.0
008 - FIXED-LENGTH DATA ELEMENTS
- fixed length control field: 260115|| aca||aabn | a|a d
040 ## - CATALOGING SOURCE
- Original cataloging agency: OSt
- Transcribing agency: OSt
150 ## - HEADING--TOPICAL TERM
- Topical term or geographic name as entry element: Indians of North America
- Geographic subdivision: North Carolina
- Form subdivision: Fiction
670 ## - SOURCE DATA FOUND
- Source citation: Work cat.: (OSt)50086: Penn, Audrey, author. 87101, The whistling tree /, 2006.